000 00322nam a22001457a 4500
999 _c54952
_d54952
008 190927b ||||| |||| 00| 0 eng d
020 _a9780078025648
041 _aeng
080 _a657
082 _a657
100 _a61
101 _aINF
245 _aAdvanced Financial Accounting
_cCottrell.B.CH
942 _2udc
_cBK